000 01840cam a2200277 i 4500
999 _c1016
_d1016
003 OSt
005 20200801110529.0
008 190123s2019 enk b 001 0 eng
020 _a9781138551770 (hardback : alk. paper)
020 _a9781138551787 (pbk. : alk. paper)
020 _z9781315147765 (ebook)
040 _aDLC
_cKABLIB
_dKABLIB
082 0 0 _a338.9
_223
_bCAR
100 1 _aCarmody, Pádraig,
_eAuthor.
_93093
245 1 0 _aDevelopment Theory and Practice in a Changing World /
_cPádraig Carmody.
264 1 _aLondon ;
_aNew York :
_bRoutledge, Taylor & Francis Group,
_c[2019].
300 _axvi, 249 pages ;
_c25 cm
500 _aIncludes index.
504 _aIncludes bibliographical references.
505 0 _aIntroduction -- Globalisation and development -- Structure of the book -- The idea of development and modernisation -- Early critiques : dependency, world systems and alternative theories of development -- The neoliberal revolution in development : participation, power and poverty -- Impacts of neoliberalism and the revival of modernisation? -- The role of the state : "developmental states", geopolitics, industrialisation, and security -- Deconstructing development : postmodernism and decoloniality -- Aid, development and South-South cooperation? -- ICT4D : information technology for development? -- The 'resource curse' : land, wealth and politics -- Urbanisation and development : generative cities or slumification? -- Rural development and climate : crisis and transcendence? -- Getting to or after development?
650 0 _aEconomic development
_zDeveloping countries.
_93094
650 0 _aGlobalization
_xEconomic aspects
_zDeveloping countries.
_93095
651 0 _aDeveloping countries
_xEconomic conditions.
_93096
651 0 _aDeveloping countries
_xEconomic policy.
_93097
942 _2ddc
_cBOOK